Sports Quiz

Random Sports or Football Quiz

State Schools without the State Quiz Stats

 Plays Quiz not verified by Sporcle

Score 0/27 Timer 04:00
0 Plays Today
State School % Correct
IdahoBoise State
86%
CaliforniaSan Jose State
80%
CaliforniaSan Diego State
78%
MississippiJackson State
74%
OhioKent State
68%
CaliforniaFresno State
66%
Louisiana Grambling State
60%
North CarolinaAppalachian State
58%
OregonPortland State
58%
KentuckyMurray State
56%
Mississippi Alcorn State
54%
TexasSam Houston State
52%
AlabamaJacksonville State
50%
UtahWeber State
50%
State School % Correct
CaliforniaSacramento State
48%
KentuckyMorehead State
48%
Louisiana Northwestern State
48%
VirginiaNorfolk State
48%
LouisianaMcNeese State
46%
IndianaBall State
44%
GeorgiaKennesaw State
44%
Louisiana Nicholls State
42%
Ohio Youngstown State
42%
OhioBowling Green State
39.5%
MarylandMorgan State
38%
TexasStephen F. Austin State
24%
TennesseeAustin Peay State
20%

You're not logged in!

Compare scores with friends on all Sporcle quizzes.
OR
Log In

Sporcle TV

Today on Sporcle TV


Watch our educational content, quiz creation guides, and fun videos on Sporcle TV.

Show Comments

Extras

Top Quizzes Today


Score Distribution

Your Account Isn't Verified!

In order to create a playlist on Sporcle, you need to verify the email address you used during registration. Go to your Sporcle Settings to finish the process.

Report this User

Report this user for behavior that violates our Community Guidelines.

Details: